00409nam a2200133Ia 4500008004100000020001500041050002700056245006300083260004700146300001300193650002300206980003100229999001500260151021s9999 xx 000 0 und d a9966701915 aJQ 2947 .A56C649 2006  a_Targeting corruption The booming Business Pius Kidombo K  aNairobi Sino printers and publishers 2006  axi,64p.  a_corruption cycle  a^d20111115 09:08:19^okorir c8260d8260